| 000 | 01121nam0a22002651 4500 | ||
|---|---|---|---|
| 001 | rc\3527093 | ||
| 005 | 20250610014313.0 | ||
| 035 | _a(NLR Aleph) 007626247 | ||
| 090 |
_a5974337 _c5974337 |
||
| 100 | _a20130115d1973 |||y0rusy50 ca | ||
| 101 | 0 | _arus | |
| 102 | _aRU | ||
| 105 | _aa z ||||| | ||
| 200 | 1 |
_aГорнорудные предприятия Югославии _fМ-во черной металлургии СССР. Центр. науч.-исслед. ин-т информации и техн.-экон. исследований черной металлургии |
|
| 210 |
_aМосква _cБ. и. _d1973 |
||
| 215 |
_a45 с. _cил. _d20 |
||
| 300 | _aНа обл. авт. не указан | ||
| 333 | _aДля служебного пользования. Экз. № 000006 | ||
| 700 | 1 |
_7ca _8rus _aВасильев _bМ. В. _cд-р техн. наук, горное дело _f1908-1986 _gМихаил Владимирович _9257000 _3RU\NLR\AUTH\770257056 |
|
| 801 | 0 |
_aRU _bNLR _gpsbo |
|
| 801 | 1 |
_aRU _bELAR _2rusmarc |
|
| 852 |
_aNLR _j73-50к/2714 |
||
| 942 | _cBOOK | ||
| 980 | _aNB | ||